| 000 | 00518nam a22001937a 4500 | ||
|---|---|---|---|
| 003 | OSt | ||
| 005 | 20170213130858.0 | ||
| 008 | 170213b xxu||||| |||| 00| 0 eng d | ||
| 020 | _a0521497302 | ||
| 040 | _cDDC. | ||
| 082 | _a535.15LEO 1997. | ||
| 100 |
_aLeonhardt,Ulf; _911523 |
||
| 245 | _aMeasuring the Quantum State of Light. | ||
| 260 |
_aUK. _bCambridge University press. _c1997. |
||
| 300 |
_aviii,194p; _bill; _c24cm. |
||
| 504 | _aBibliography and index. | ||
| 650 |
_aPhysics. _9809 |
||
| 942 |
_2ddc _cO_SHELF |
||
| 999 |
_c5524 _d5524 |
||